|
|
|
|
| LEADER |
01128nam a22002297a 4500 |
| 008 |
230208t2022 bg ||||| |||| 00| 0 ben d |
| 022 |
|
|
|a 2709-4746
|
| 041 |
|
|
|a ben
|
| 082 |
|
|
|a 079.095492
|2 23
|
| 245 |
|
|
|a বাংলা একাডেমি ফোকলোর পত্রিকা /
|c মুহম্মদ নূরুল হুদা সম্পাদিত.
|
| 246 |
|
|
|a Bangla academi folklore potrika
|
| 260 |
|
|
|a ঢাকা :
|b বাংলা একাডেমি,
|c ২০২২.
|
| 300 |
|
|
|a Vol. 2
|
| 526 |
|
|
|a GenEd
|
| 541 |
|
|
|a Development Book Agency
|
| 650 |
|
|
|a Newspaper
|z Bangladesh.
|9 53582
|
| 650 |
|
|
|a Bengali literature.
|
| 700 |
|
|
|a হুদা, মুহম্মদ নূরুল
|
| 942 |
|
|
|2 ddc
|c CR
|s 1
|
| 999 |
|
|
|c 45493
|d 45493
|
| 952 |
|
|
|0 0
|1 0
|2 ddc
|4 0
|6 079_095492000000000_BAN
|7 0
|8 REF
|9 73214
|a SCL
|b SCL
|c REF
|d 2023-02-08
|e Development Book Agency
|g 130.00
|h Vol 2
|l 0
|o 079.095492 BAN
|r 2023-02-08
|t 1
|w 2023-02-08
|y CR
|
| 952 |
|
|
|0 0
|1 0
|2 ddc
|4 0
|6 079_095492000000000_BAN
|7 0
|8 REF
|9 73215
|a SCL
|b SCL
|c REF
|d 2023-02-08
|e Development Book Agency
|g 130.00
|h Vol 2
|l 0
|o 079.095492 BAN
|r 2023-02-08
|t 2
|w 2023-02-08
|y CR
|